00593nam a22002057a 450000500170000001000130001702000100003003500130004003700160005304000120006908200170008110000190009824500720011726000550018927000350024430000220027950000510030165000220035265000130037420170124110201.0 aA-997988 c00.00 aA-997988 bCen Lib/Ret aDPLbEN a005.754bPAR aParekh Harsha  aInternet in the scholarly communication process /cby Harsha Parekh aMukherjee knowledge ware associationbMumbaic1999 bMumbaia16 Pnchtantra e400050 av,235p.c19cm(Hb) aIncludes bibliographical references and index  aComputer science  aInternet